LEADER 02397nam 2200577 450 001 9910788849703321 005 20180731043854.0 010 $a1-4704-0380-3 035 $a(CKB)3360000000464966 035 $a(EBL)3114355 035 $a(SSID)ssj0000938806 035 $a(PQKBManifestationID)11548691 035 $a(PQKBTitleCode)TC0000938806 035 $a(PQKBWorkID)10921443 035 $a(PQKB)11590682 035 $a(MiAaPQ)EBC3114355 035 $a(RPAM)18303133 035 $a(PPN)195416686 035 $a(EXLCZ)993360000000464966 100 $a20030318d2003 uy| 0 101 0 $aeng 135 $aur|n|---||||| 181 $ctxt 182 $cc 183 $acr 200 10$aOn central critical values of the degree four L-functions for GSp(4) $ethe fundamental lemma /$fMasaaki Furusawa, Joseph A. Shalika 210 1$aProvidence, Rhode Island :$cAmerican Mathematical Society,$d2003. 215 $a1 online resource (158 p.) 225 1 $aMemoirs of the American Mathematical Society,$x0065-9266 ;$vnumber 782 300 $a"July 2003, volume 164, number 782 (fourth of 5 numbers)." 311 $a0-8218-3328-6 320 $aIncludes bibliographical references (pages 138-139). 327 $a""Chapter 4. Evaluation of the Novodvorsky Orbital Integral""""4.1. Double coset decomposition""; ""4.2. Relevant double cosets""; ""4.3. Evaluation of the Novodvorsky orbital integral""; ""Chapter 5. Evaluation of the Bessel Orbital Integral""; ""5.1. Relevant double cosets""; ""5.2. Evaluation of the Bessel orbital integral""; ""Chapter 6. Evaluation of the Quadratic Orbital Integral""; ""6.1. Double coset decomposition""; ""6.2. Relevant double cosets""; ""6.3. Evaluation of the quadratic orbital integral""; ""Bibliography"" 410 0$aMemoirs of the American Mathematical Society ;$vno. 782. 606 $aSiegel domains 606 $aModular groups 606 $aAutomorphic forms 615 0$aSiegel domains. 615 0$aModular groups. 615 0$aAutomorphic forms. 676 $a510 s 676 $a512/.7 700 $aFurusawa$b Masaaki$01519509 702 $aShalika$b Joseph A.$f1941- 801 0$bMiAaPQ 801 1$bMiAaPQ 801 2$bMiAaPQ 906 $aBOOK 912 $a9910788849703321 996 $aOn central critical values of the degree four L-functions for GSp(4)$93757673 997 $aUNINA LEADER 02081nas0 22004453i 450 001 PUV0026242 005 20251003044310.0 011 $a0025-5718 017 70$aP 00010285$2P 100 $a20131118a19609999||||0itac50 ba 101 | $aeng 102 $aus 110 $aa|u|||||||| 181 1$6z01$ai $bxxxe 182 1$6z01$an 183 1$6z01$anc$2RDAcarrier 200 1 $aMathematics of computation$fAmerican Mathematical society; National academy of sciences; National research council 207 0$aVol. 14, n. 69 (Jan. 1960)- 210 $aWashington (D.C.)$cNational academy of sciences-National research council$d1960- 215 $av.$cill.$d27 cm 300 $aTrimestrale; Dal 2014 bimestrale. 430 0$1001PUV0111843$12001 $aMathematical tables and other aids to computation $fNational research council 606 $aMatematica$xPeriodici$2FIR$3CFIC024794$9E 676 $a510.5$9MATEMATICA. Pubblicazioni in serie$v22 696 $aPubblicazioni periodiche$aRiviste 699 $aPeriodici$yPubblicazioni periodiche 699 $aPeriodici$yRiviste 712 02$aAmerican mathematical society$3MILV016944 712 02$aNational academy of sciences of United States of America$b : National research council$3PUVV068958 712 02$aNational academy of sciences$c $3TO0V095874 791 02$aNAS$3NAPV098757$zNational academy of sciences 791 02$aNational academy of sciences of United States of America$3UTOV515146$zNational academy of sciences 801 3$aIT$bIT-000000$c20131118 850 $aIT-BN0095 901 $bNAP 01$cPER. $nComprende periodici italiani e stranieri 912 $aPUV0026242 950 0$aBiblioteca Centralizzata di Ateneo$b62-63(1994). 1991-1992 in microfilm$c62-63(1994). 1991-1992 in microfilm$d 01PER. ING. MATOC$e 0102 0000017895 VPA A4(1994 62-63(1994)$fC $h19950227$i20150514 977 $a 01 996 $aMathematics of computation$9104437 997 $aUNISANNIO